000 00682nam a2200205Ia 4500
003 GCL
005 20240530102612.0
008 140319s9999 xx 000 0 ara d
040 _aGCL /
_cGCL
082 0 4 _a811.009
_bا ك
100 1 _aاحمد عنتر مصطفى
245 1 0 _aكائنات وترية : قراءات ابداعية فى الشعر العربى /
_cاحمد عنتر مصطفى
260 _a[S.N] :
_bالهيئة المصرية العامة للكتاب ،
_c1994
300 _a295 ص
650 0 4 _aالشعر العربى
650 0 4 _aالادب العربى
650 0 4 _aالعصر الحديث
650 0 4 _aتاريخ ونقد
942 _2ddc
_cBK
999 _c33332
_d33332